| 000 | 00537nam a2200169Ia 4500 | ||
|---|---|---|---|
| 003 | GCL | ||
| 008 | 140319s9999 xx 000 0 ara d | ||
| 040 |
_aGCL / _cGCL |
||
| 082 | 0 | 4 |
_a894.35 _bم س |
| 100 | 1 | _aمعزز تحسين بركند | |
| 245 | 1 | 0 |
_aسر المياه القرمزية / _cمعزز تحسين بركند |
| 700 | 1 | _aنفيسة ذو الفقار | |
| 490 |
_aكتاب اليوم _v0 |
||
| 650 | 0 | 4 | _aالادب التركى المترجم |
| 650 | 0 | 4 | _aالقصة التركية المترجمة |
| 942 |
_2ddc _cBK |
||
| 999 |
_c40333 _d40333 |
||